| 000 | 00717nam a2200205Ia 4500 | ||
|---|---|---|---|
| 005 | 20260121110348.0 | ||
| 008 | 008 260114s9999 xx 000 0 hin d | ||
| 020 | _a9788132349556 | ||
| 037 | _aEBOOK | ||
| 040 |
_aCRL _bhin _cCRL |
||
| 041 |
_ahin _2hin |
||
| 084 | _qCRL | ||
| 100 |
_aपंकज चौहान / Ajay Rathore _9945234 |
||
| 245 | 0 | _aशारीरिक शिक्षा का इतिहास एवं सिद्धान्त / Sharirik shiksha ka itihas aur siddhant | |
| 260 |
_bभाषा प्रकाशन / Bhasha Prakashan _c2020 |
||
| 856 | _uhttps://bhashaprakashan.com/product-details/378207 | ||
| 942 | _cEBOOK | ||
| 999 |
_c1536898 _d1536898 |
||